Predictable surprises : the disasters you should have seen coming, and how to prevent them

Bibliographic Details
Main Author: Bazerman, Max H.
Other Authors: Watkins, Michael D.
Format: Book
Published: Boston : Harvard Business School Press , 2004
Subjects:

MARC

LEADER 00000cam a2200000 7i4500
001 0000089654
005 20050303.0
020 |a 1591391784 
090 0 0 |a 363.347   |b BAZ 
100 1 |a Bazerman, Max H. 
245 1 0 |a Predictable surprises :   |b the disasters you should have seen coming, and how to prevent them   |c Max H. Bazerman 
260 |a Boston :   |b Harvard Business School Press ,   |c 2004 
300 |a 317p. ;   |c 24cm. 
650 0 0 |a Disasters   |x Prevention 
700 1 |a Watkins, Michael D. 
999 |a 00181326   |b BUKU   |c RUJUKAN   |e PERPUSTAKAAN KOMUNITI PETALING JAYA